[Event "Mitropa Cup (Women)"]
[Site "Corte"]
[Date "2022.05.08"]
[Round "9.2"]
[White "Medic, Mirjana"]
[Black "Nemcova, Karin"]
[Result "1-0"]
[WhiteElo "2172"]
[BlackElo "2181"]
[PlyCount "107"]
[EventDate "2022.04.30"]
[EventType "team-tourn"]
[EventRounds "9"]
[EventCountry "FRA"]
[SourceTitle "CBM 208 Extra"]
[Source "ChessBase"]
[SourceDate "2022.07.31"]
[SourceVersion "1"]
[SourceVersionDate "2022.07.31"]
[SourceQuality "1"]
[WhiteTeam "Croatia (W)"]
[BlackTeam "Czech Republic (W)"]
[WhiteTeamCountry "CRO"]
[BlackTeamCountry "CZE"]

1. d4 e6 2. Nf3 d5 3. e3 Nf6 4. Bd3 c5 5. b3 Nc6 6. 0-0 Bd6 7. Bb2 0-0 8. c4 cxd4 9. exd4 a6 10. Nbd2 Bd7 11. Ne5 Rc8 12. Rc1 Be8 13. Re1 dxc4 14. Ndxc4 Bb4 15. Re2 b5 16. Nxc6 Bxc6 17. Ne5 Bb7 18. Rxc8 Qxc8 19. Rc2 Qd8 20. Be2 Qa5 21. Qa1 Be4 22. Bd3 Bxd3 23. Nxd3 Nd5 24. Rc6 Be7 25. a3 Qd2 26. Ne5 Qe2 27. Nf3 Nf4 28. Qb1 Nh3+ 29. gxh3 Qxf3 30. Rc3 Qd5 31. Qc2 Bd6 32. Rc8 Qg5+ 33. Kf1 f5 34. d5 exd5 35. Qc6 Rxc8 36. Qxc8+ Kf7 37. Qd7+ Be7 38. Qxd5+ Kg6 39. Qc6+ Bf6 40. Qxa6 f4 41. Bxf6 gxf6 42. Qe6 Kh6 43. Qe4 f5 44. Qc6+ Kh5 45. Qf3+ Kh4 46. a4 bxa4 47. bxa4 Qh6 48. Qd3 Qe6 49. a5 h5 50. a6 Qa2 51. Kg2 Qg8+ 52. Kf3 Qg7 53. Kxf4 Qd4+ 54. Qxd4 1-0

[Event "Mitropa Cup (Women)"]
[Site "Corte"]
[Date "2022.05.03"]
[Round "4.2"]
[White "Juhasz, Barbara"]
[Black "Medic, Mirjana"]
[Result "1/2-1/2"]
[WhiteElo "2207"]
[BlackElo "2172"]
[PlyCount "181"]
[EventDate "2022.04.30"]
[EventType "team-tourn"]
[EventRounds "9"]
[EventCountry "FRA"]
[SourceTitle "CBM 208 Extra"]
[Source "ChessBase"]
[SourceDate "2022.07.31"]
[SourceVersion "1"]
[SourceVersionDate "2022.07.31"]
[SourceQuality "1"]
[WhiteTeam "Hungary (W)"]
[BlackTeam "Croatia (W)"]
[WhiteTeamCountry "HUN"]
[BlackTeamCountry "CRO"]

1. e4 e6 2. d4 d5 3. Nc3 Nf6 4. e5 Nfd7 5. f4 a6 6. Nf3 c5 7. Be3 Nc6 8. a3 b5 9. dxc5 Bxc5 10. Bxc5 Nxc5 11. b4 Nd7 12. Bd3 Qb6 13. Qd2 Bb7 14. Qf2 h6 15. h4 Qxf2+ 16. Kxf2 Nb6 17. Rhb1 Kd7 18. a4 Nxa4 19. Nxa4 bxa4 20. Rxa4 Kc7 21. Rba1 Kb6 22. c3 a5 23. bxa5+ Rxa5 24. Rxa5 Nxa5 25. Nd4 Ra8 26. Rb1+ Kc7 27. Nb5+ Kd7 28. Ra1 Nb3 29. Rxa8 Bxa8 30. Ke3 Bc6 31. Nd4 Nxd4 32. Kxd4 Ba4 33. Kc5 Bd1 34. f5 Ke7 35. Kd4 Bg4 36. fxe6 fxe6 37. Kc5 Bd1 38. Kc6 Ba4+ 39. Kc7 Bd1 40. Kb6 Kd7 41. Kc5 Ke7 42. Kd4 Kf7 43. Ke3 Bg4 44. Kf4 Bd1 45. g4 Bb3 46. Be2 Bc2 47. g5 Bg6 48. Bb5 Bh5 49. Ba4 Be2 50. Bc2 Bh5 51. Bd3 Bd1 52. Ba6 Bh5 53. Bf1 Bd1 54. Bh3 Bc2 55. Bg4 Bd3 56. Bh5+ Ke7 57. Bd1 Kf7 58. Kg4 Bf5+ 59. Kh5 Bg6+ 60. Kg4 Bf5+ 61. Kf4 Bd3 62. Bf3 Kg6 63. gxh6 gxh6 64. Ke3 Bc2 65. Kf4 Bd3 66. Bg4 Kf7 67. Bh5+ Ke7 68. Bd1 Kf7 69. Ke3 Bf5 70. Kd4 Ke7 71. Kc5 Bd3 72. Ba4 Bf5 73. Kd4 Kf7 74. Ke3 Bg4 75. Kf4 Bh5 76. Bc2 Ke7 77. Ke3 Kd7 78. Kd4 Ke7 79. Kc5 Bf3 80. Bg6 Be2 81. Kd4 Bd1 82. Ke3 Bg4 83. Kf4 Be2 84. Bc2 Bh5 85. Bd3 Kd7 86. Bb5+ Ke7 87. Bf1 Kf7 88. c4 dxc4 89. Bxc4 Ke7 90. Ke3 Bg4 91. Ke4 1/2-1/2

[Event "Mediterranean Flower (Women) 22nd"]
[Site "Rijeka"]
[Date "2022.03.10"]
[Round "7"]
[White "Zimina, Olga"]
[Black "Medic, Mirjana"]
[Result "1-0"]
[WhiteElo "2340"]
[BlackElo "2207"]
[PlyCount "69"]
[EventDate "2022.03.06"]
[EventType "tourn"]
[EventRounds "9"]
[EventCountry "CRO"]
[SourceTitle "CBM 207 Extra"]
[Source "ChessBase"]
[SourceDate "2022.05.31"]
[SourceVersion "1"]
[SourceVersionDate "2022.05.31"]
[SourceQuality "1"]

1. d4 d5 2. Nf3 Nf6 3. g3 c6 4. Bg2 Bf5 5. 0-0 e6 6. Nh4 Bg6 7. Nd2 Nbd7 8. Nxg6 hxg6 9. e4 Nxe4 10. Nxe4 dxe4 11. Bxe4 Nf6 12. Bg2 Be7 13. c3 0-0 14. h4 Qb6 15. Qe2 Rfd8 16. Be3 Nd5 17. Be4 Qc7 18. Kg2 e5 19. h5 gxh5 20. Qxh5 Nf6 21. Qh3 Nxe4 22. Rh1 f5 23. Qxf5 Qd6 24. Qxe4 exd4 25. Bxd4 Qd5 26. Rae1 Qxe4+ 27. Rxe4 Bf8 28. Rh5 Rd7 29. Reh4 Kf7 30. Rh8 Rdd8 31. Rf4+ Kg6 32. Rg4+ Kf5 33. Kf3 g6 34. Rg8 Be7 35. R8xg6 1-0